000 00999nam a2200265Ia 4500
003 OSt
005 20221005110021.0
006 a|||||r|||| 00| 0
007 ta
008 221004b |||||||| |||| 00| 0 hin d
020 _a9788126026135 (pbk)
_c200
024 _a93548
037 _b526, 19/03/2009, Vani Prakashan
_cTextual
040 _aCRL
_cCRL
_bhin
041 _2hin
_ahin
082 _aO152,1M91:g, P9
100 _aशर्मा, सत्येन्द्र
245 0 _aठाकुर गोपाल शरण सिंह
246 _aṬhākur gopāl sharaṇ sianha
260 _aनई दिल्ली
_bसाहित्य अकादेमी भारत
_c2009
300 _a111पृ0
_ccm.
490 _aभारतीय साहित्य के निर्माता
942 _hO152,1M91:g, P9
_cTEXL
_2cc
999 _c1017544
_d1017544